00429nam a2200121 i 4500001000300000100001800003245011000021260002100131040000800152041000800160008004100168856009800209bg1 aPOLYA, George 0aOdkrycie matematyczne :bo rozumieniu, uczeniu się i nauczaniu rozwiązywaniu zadań /cGeorge Polya. aWarszawa,c1975. cBPK apol s pl f |000 0 pol  uhttp://koha.tu.koszalin.pl/cgi-bin/koha/opac-detail.pl?biblionumber=15956yKatalog online BPK